000 00390nam a22001697a 4500
003 CEME
005 20210628203114.0
008 210120b xxu||||| |||| 00| 0 eng d
040 _c.
082 _a070.442 SAR
100 _aSardar, Muhmmad Ch
_963332
245 _aKasta vera
260 _aLAHORE
_bSANG-E-MEEL PUB
_c2001
300 _a358
650 _aFAIZA
_961097
942 _cBK
_2ddc
999 _c572192
_d572192